Výpočtové modely a počítačové konstruování III /

Salvato in:
Dettagli Bibliografici
Autori principali: Ondráček, Emanuel (Autore), Laryš, František (Autore)
Natura: Libro
Lingua:ceco
Pubblicazione: Praha : Dům techniky, 1987
Tags: Aggiungi Tag
Nessun Tag, puoi essere il primo ad aggiungerne!!

MARC

LEADER 00000nam a22000003a 4500
001 stu31258
005 20150617225736.0
008 931018s1987----cs------------------cze-d
040 |a STU  |b slo 
041 0 |a cze 
044 |a cs 
080 |a 681.3 
100 1 |a Ondráček, Emanuel  |4 aut 
245 1 |a Výpočtové modely a počítačové konstruování III /  |c [aut.] Ondráček,Emanuel; Laryš,František 
260 |a Praha :  |b Dům techniky,  |c 1987 
300 |a 84 s 
700 1 |a Laryš, František  |4 aut 
996 |b J83806  |c J*83806  |l JJK6  |s P  |a 0  |w stu31258_0001 
996 |b J85609  |c J*85609  |l JJK14  |s P  |a 0  |w stu31258_0002 
996 |b J86498  |c J*86498  |l JJK3  |s P  |a 0  |w stu31258_0003 
996 |b J86515  |c J*86515  |l JJK6  |s P  |a 0  |w stu31258_0004 
996 |b J86516  |c J*86516  |l JJK6  |s P  |a 0  |w stu31258_0005 
996 |b J85530  |c J*85530  |l JJK14  |s P  |a 0  |w stu31258_0006 
996 |b J87252  |c J*87252  |l JJK3  |s P  |a 0  |w stu31258_0007